[Event "FICGS rapid M 000142 email"]
[Site "FICGS email"]
[Date "2023.02.12"]
[Round "1"]
[White "Broekhuizen, A T S"]
[Black "Jabot, Daniel"]
[Result "1/2-1/2"]
[WhiteElo "2237"]
[BlackElo "2225"]
[PlyCount "145"]
[EventDate "2023.??.??"]
[EventType "tourn (rapid)"]
[EventRounds "6"]
[SourceTitle "Corr 2024"]
[Source "ChessBase"]
[SourceDate "2023.10.19"]
[SourceVersion "1"]
[SourceVersionDate "2023.10.19"]
[SourceQuality "1"]

1. e4 c5 2. Nf3 d6 3. d4 cxd4 4. Nxd4 Nf6 5. Nc3 a6 6. Be2 e5 7. Nb3 Be7 8. Be3 Be6 9. Nd5 Nbd7 10. Qd3 0-0 11. 0-0 Bxd5 12. exd5 Ne8 13. Rad1 Bg5 14. Bxg5 Qxg5 15. Na5 Rb8 16. c4 f5 17. b4 Ndf6 18. Qc2 e4 19. f4 Qg6 20. a4 h5 21. Qb3 Qf7 22. c5 Kh7 23. Rd2 Qc7 24. Qe3 Ng4 25. Qd4 Rf7 26. Nc4 Rd8 27. a5 Ngf6 28. Nb6 Qe7 29. Rc2 Nc7 30. Rd1 g6 31. Qe3 Qf8 32. h3 Qe7 33. c6 bxc6 34. Rxc6 Qf8 35. Bc4 h4 36. Be2 Re7 37. Rdc1 Nfe8 38. Kh2 Qf7 39. Rd1 Qf6 40. Na4 Qg7 41. Nc3 Nf6 42. Kg1 Nh5 43. Bxh5 gxh5 44. Qf2 Qf6 45. Rc1 e3 46. Qe2 Kh6 47. Qd3 Qg6 48. Ne2 Rg7 49. g3 Rdd7 50. b5 axb5 51. a6 Kh7 52. Rb6 Rg8 53. Rcc6 Ra8 54. Rb7 Qf7 55. Nd4 Nxa6 56. Rxd7 Qxd7 57. Ne6 Kg8 58. Qxf5 Qa7 59. Qg5+ Kh8 60. Qh6+ Kg8 61. Qg6+ Kh8 62. Qh6+ Kg8 63. Kg2 Nc5 64. Qg6+ Kh8 65. Qxh5+ Qh7 66. Qxh7+ Kxh7 67. Nxc5 dxc5 68. g4 Ra2+ 69. Kf3 e2 70. Kf2 b4 71. Rb6 Rd2 72. d6 c4 73. Rxb4 1/2-1/2

[Event "FICGS rapid M 000142 email"]
[Site "FICGS email"]
[Date "2023.02.12"]
[Round "1"]
[White "Cirulis, Ilmars"]
[Black "Jabot, Daniel"]
[Result "1/2-1/2"]
[WhiteElo "2240"]
[BlackElo "2225"]
[PlyCount "56"]
[EventDate "2023.??.??"]
[EventType "tourn (rapid)"]
[EventRounds "6"]
[SourceTitle "Corr 2024"]
[Source "ChessBase"]
[SourceDate "2023.10.19"]
[SourceVersion "1"]
[SourceVersionDate "2023.10.19"]
[SourceQuality "1"]

1. f4 d5 2. Nf3 Nf6 3. h3 Nh5 4. d3 Ng3 5. Rg1 b6 6. Kf2 Nxf1 7. Rxf1 e6 8. Kg1 Bb7 9. Qe1 Be7 10. b4 c5 11. bxc5 bxc5 12. Nc3 0-0 13. Rb1 Ba6 14. Nb5 Nc6 15. c4 f6 16. Qg3 d4 17. f5 e5 18. Nd2 Nb4 19. a3 Nc6 20. Ne4 Bc8 21. Qf3 Qd7 22. Ned6 Kh8 23. Qd5 a6 24. Nxc8 Qxd5 25. cxd5 Raxc8 26. dxc6 axb5 27. Rxb5 Rxc6 28. a4 c4 1/2-1/2

[Event "FICGS rapid M 000142 email"]
[Site "FICGS email"]
[Date "2023.02.12"]
[Round "1"]
[White "Jabot, Daniel"]
[Black "Armstrong, Keith"]
[Result "1/2-1/2"]
[WhiteElo "2225"]
[BlackElo "2249"]
[PlyCount "65"]
[EventDate "2023.??.??"]
[EventType "tourn (rapid)"]
[EventRounds "6"]
[SourceTitle "Corr 2024"]
[Source "ChessBase"]
[SourceDate "2023.10.19"]
[SourceVersion "1"]
[SourceVersionDate "2023.10.19"]
[SourceQuality "1"]

1. e4 c5 2. Nf3 d6 3. d4 cxd4 4. Nxd4 Nf6 5. Nc3 a6 6. Bg5 e6 7. f4 Qb6 8. Qd2 Nc6 9. Bxf6 gxf6 10. Nb3 Qc7 11. 0-0-0 b5 12. Kb1 b4 13. Ne2 Bb7 14. Ned4 Bh6 15. Bd3 d5 16. Nxc6 Bxf4 17. Qxb4 Bxc6 18. exd5 Bxd5 19. Rhe1 Bd6 20. Qh4 Be5 21. Be4 Bxe4 22. Rxe4 Rd8 23. Ree1 0-0 24. c3 Rxd1+ 25. Rxd1 f5 26. g3 a5 27. Qa4 Ra8 28. a3 h5 29. Ka2 Qb6 30. Rd2 Kg7 31. Rc2 Kg6 32. c4 Qe3 33. Nd2 1/2-1/2

[Event "FICGS class M 000118 email"]
[Site "FICGS email"]
[Date "2023.02.06"]
[Round "1"]
[White "Ozen, Bahadir"]
[Black "Jabot, Daniel"]
[Result "1/2-1/2"]
[WhiteElo "2248"]
[BlackElo "2225"]
[PlyCount "61"]
[EventDate "2023.??.??"]
[EventType "tourn (corr)"]
[EventRounds "6"]
[SourceTitle "Corr 2024"]
[Source "ChessBase"]
[SourceDate "2023.10.19"]
[SourceVersion "1"]
[SourceVersionDate "2023.10.19"]
[SourceQuality "1"]

1. e4 c5 2. Nf3 d6 3. d4 cxd4 4. Nxd4 Nf6 5. Nc3 a6 6. f3 e5 7. Nb3 Be6 8. Be3 Be7 9. Qd2 0-0 10. 0-0-0 Nbd7 11. g4 b5 12. g5 b4 13. Ne2 Ne8 14. f4 a5 15. f5 a4 16. Nbd4 exd4 17. Nxd4 b3 18. Kb1 bxc2+ 19. Nxc2 Bb3 20. axb3 axb3 21. Na3 Ne5 22. h4 Ra4 23. Rh3 Qa8 24. Qd5 Rxa3 25. bxa3 Qxa3 26. Qd2 Nf6 27. Bd4 Nfd7 28. Qb2 Qa8 29. Re3 Nc5 30. Bxe5 dxe5 31. Bc4 1/2-1/2

[Event "FICGS class M 000112 email"]
[Site "FICGS email"]
[Date "2022.11.01"]
[Round "1"]
[White "Ligon, Scott"]
[Black "Jabot, Daniel"]
[Result "1-0"]
[WhiteElo "2303"]
[BlackElo "2238"]
[PlyCount "125"]
[EventDate "2022.??.??"]
[EventType "tourn (corr)"]
[EventRounds "6"]
[SourceTitle "Corr 2024"]
[Source "ChessBase"]
[SourceDate "2023.10.19"]
[SourceVersion "1"]
[SourceVersionDate "2023.10.19"]
[SourceQuality "1"]

1. e4 c5 2. Nc3 Nc6 3. Nge2 d6 4. d4 cxd4 5. Nxd4 Nf6 6. Bg5 Qb6 7. Be3 a6 8. Nb3 Qc7 9. Nd5 Nxd5 10. exd5 Ne5 11. Be2 e6 12. Qd4 exd5 13. 0-0 Be6 14. f4 Nc6 15. Qc3 Rc8 16. Nd4 Ne7 17. Qd3 g6 18. g4 Bd7 19. f5 gxf5 20. gxf5 Nc6 21. Rae1 Ne5 22. Qd2 Be7 23. f6 Bh3 24. Rf2 Bf8 25. Bh6 Rg8+ 26. Kh1 Kd7 27. Bg7 Qb6 28. c3 Kc7 29. Qh6 Bd7 30. Ref1 Nc6 31. Qxh7 Bxg7 32. fxg7 Nxd4 33. cxd4 f5 34. Rc1+ Bc6 35. Rd1 Kb8 36. Rg2 Qc7 37. Rdg1 Qe7 38. Bd3 f4 39. Qh6 f3 40. Rf2 Rc7 41. h4 Bb5 42. Qh7 Qd8 43. Bxb5 axb5 44. Rxf3 Ka7 45. Qh6 Re7 46. Ra3+ Kb8 47. Kh2 Rf7 48. h5 b4 49. Rh3 Qd7 50. Rhg3 Ka7 51. Qe3 Rgxg7 52. Rxg7 Rxg7 53. Rxg7 Qxg7 54. Kh3 Qd7+ 55. Kh4 Qd8+ 56. Qg5 Qh8 57. Qf4 Qd8+ 58. Kg3 Qg8+ 59. Kh2 Qh8 60. h6 Ka6 61. Qh4 Qh7 62. Qf6 Qc2+ 63. Kg3 1-0

[Event "FICGS class M 000103 email"]
[Site "FICGS email"]
[Date "2022.07.04"]
[Round "1"]
[White "Jabot, Daniel"]
[Black "Maceda, Coco"]
[Result "0-1"]
[WhiteElo "2243"]
[BlackElo "2276"]
[PlyCount "66"]
[EventDate "2022.??.??"]
[EventType "tourn (corr)"]
[EventRounds "6"]
[SourceTitle "Corr 2024"]
[Source "ChessBase"]
[SourceDate "2023.10.19"]
[SourceVersion "1"]
[SourceVersionDate "2023.10.19"]
[SourceQuality "1"]

1. e4 c5 2. Nf3 d6 3. d4 cxd4 4. Nxd4 Nf6 5. Nc3 a6 6. Bg5 Nbd7 7. f4 Qc7 8. Qf3 b5 9. 0-0-0 e6 10. Bd3 Be7 11. Rhe1 Bb7 12. Nd5 exd5 13. Nf5 Kf8 14. Qg3 dxe4 15. Bxe4 Bxe4 16. Rxe4 Qc5 17. Bh6 Nxe4 18. Qxg7+ Ke8 19. Qxh8+ Nf8 20. Bxf8 Bxf8 21. Qxh7 Rd8 22. Nd4 d5 23. a3 Qd6 24. g3 Qf6 25. Rd3 Bg7 26. c3 Kf8 27. Qh5 a5 28. Nf5 b4 29. axb4 axb4 30. Nxg7 Kxg7 31. Rxd5 bxc3 32. b3 Ra8 33. Ra5 Qd8 0-1

[Event "FICGS class M 000103 email"]
[Site "FICGS email"]
[Date "2022.07.04"]
[Round "1"]
[White "Ligon, Scott"]
[Black "Jabot, Daniel"]
[Result "1/2-1/2"]
[WhiteElo "2278"]
[BlackElo "2243"]
[PlyCount "103"]
[EventDate "2022.??.??"]
[EventType "tourn (corr)"]
[EventRounds "6"]
[SourceTitle "Corr 2024"]
[Source "ChessBase"]
[SourceDate "2023.10.19"]
[SourceVersion "1"]
[SourceVersionDate "2023.10.19"]
[SourceQuality "1"]

1. e4 c5 2. d4 cxd4 3. c3 dxc3 4. Nxc3 Nc6 5. Nf3 d6 6. Bc4 e6 7. 0-0 Be7 8. Qe2 Nf6 9. Rd1 e5 10. Bb5 Bg4 11. h3 Bxf3 12. Qxf3 0-0 13. Be3 a6 14. Be2 Rc8 15. h4 h5 16. g3 g6 17. Bf1 Qd7 18. Rd3 Kg7 19. Rad1 b5 20. Qh1 Qb7 21. Bh3 Rc7 22. Qf3 Rb8 23. Kh2 Rd8 24. R3d2 Kg8 25. a3 Kg7 26. Kg1 Nd4 27. Rxd4 exd4 28. Bxd4 Rc4 29. Qe3 Re8 30. Nd5 Bd8 31. Bg2 Qd7 32. b3 Rxd4 33. Qxd4 Qe6 34. Rc1 a5 35. Rc6 Kh7 36. Nxf6+ Qxf6 37. Qd5 Re6 38. f4 Kg7 39. Kh2 Qb2 40. Rxd6 Rxd6 41. Qxd6 Qf6 42. Qd7 b4 43. a4 Qe7 44. Qd4+ Qf6 45. e5 Qb6 46. Qd7 Qc7 47. Qd5 Be7 48. e6 fxe6 49. Qxe6 Qd6 50. Qe2 Bd8 51. Be4 Qd4 52. Bd3 1/2-1/2

[Event "FICGS class M 000103 email"]
[Site "FICGS email"]
[Date "2022.07.04"]
[Round "1"]
[White "Mirra, Theodore"]
[Black "Jabot, Daniel"]
[Result "1/2-1/2"]
[WhiteElo "2262"]
[BlackElo "2243"]
[PlyCount "63"]
[EventDate "2022.??.??"]
[EventType "tourn (corr)"]
[EventRounds "6"]
[SourceTitle "Corr 2024"]
[Source "ChessBase"]
[SourceDate "2023.10.19"]
[SourceVersion "1"]
[SourceVersionDate "2023.10.19"]
[SourceQuality "1"]

1. e4 c5 2. Nf3 d6 3. d4 cxd4 4. Nxd4 Nf6 5. Nc3 a6 6. h3 e5 7. Nb3 Be6 8. Be3 Be7 9. f4 Nc6 10. f5 Bxb3 11. axb3 Nb4 12. g3 0-0 13. Bg2 Qc7 14. 0-0 Rad8 15. Kh1 d5 16. exd5 Rd7 17. Qd2 h6 18. Rae1 Re8 19. Bxh6 gxh6 20. Qxh6 Qd6 21. g4 Nxc2 22. Rd1 e4 23. g5 Ng4 24. hxg4 Qxh6+ 25. gxh6 Ne3 26. Nxe4 Nxf1 27. Rxf1 Rxd5 28. Nf6+ Bxf6 29. Bxd5 Kh7 30. Bxf7 Re3 31. g5 Bxg5 32. Bd5 1/2-1/2

[Event "FICGS class M 000100 email"]
[Site "FICGS email"]
[Date "2022.05.07"]
[Round "1"]
[White "Jabot, Daniel"]
[Black "Cirulis, Ilmars"]
[Result "1/2-1/2"]
[WhiteElo "2244"]
[BlackElo "2271"]
[PlyCount "61"]
[EventDate "2022.??.??"]
[EventType "tourn (corr)"]
[EventRounds "6"]
[SourceTitle "Corr 2024"]
[Source "ChessBase"]
[SourceDate "2023.10.19"]
[SourceVersion "1"]
[SourceVersionDate "2023.10.19"]
[SourceQuality "1"]

1. e4 c5 2. Nf3 d6 3. d4 cxd4 4. Nxd4 Nf6 5. Nc3 a6 6. Bg5 e6 7. f4 Qb6 8. Qd2 Qxb2 9. Rb1 Qa3 10. e5 dxe5 11. fxe5 h6 12. Bh4 g5 13. exf6 gxh4 14. Be2 Qa5 15. 0-0 Nd7 16. Kh1 Qg5 17. Rf4 e5 18. Nd5 exd4 19. Qxd4 Kd8 20. Ne7 Qe5 21. Qd2 Bxe7 22. fxe7+ Qxe7 23. Bg4 f5 24. Rxf5 a5 25. Rd5 Rf8 26. Rd1 Rf7 27. Qxh6 Ra6 28. Qh8+ Rf8 29. Qd4 Raf6 30. Qg1 Kc7 31. Bxd7 1/2-1/2

[Event "FICGS class M 000099 email"]
[Site "FICGS email"]
[Date "2022.02.15"]
[Round "1"]
[White "Duttagupta, Aniruddha"]
[Black "Jabot, Daniel"]
[Result "1-0"]
[WhiteElo "2215"]
[BlackElo "2213"]
[PlyCount "69"]
[EventDate "2022.??.??"]
[EventType "tourn (corr)"]
[EventRounds "6"]
[SourceTitle "Corr 2024"]
[Source "ChessBase"]
[SourceDate "2023.10.19"]
[SourceVersion "1"]
[SourceVersionDate "2023.10.19"]
[SourceQuality "1"]

1. d4 Nf6 2. c4 g6 3. f3 Bg7 4. e4 0-0 5. Be3 e6 6. Nc3 d5 7. e5 Nfd7 8. cxd5 exd5 9. f4 Nc6 10. Nf3 Nb6 11. b3 f6 12. Be2 a5 13. 0-0 Be6 14. Qd2 a4 15. Rac1 axb3 16. axb3 Na5 17. Bd1 Bf5 18. h3 Nc6 19. Re1 Qd7 20. Bf2 Rae8 21. Bh4 Kh8 22. Nb5 Be4 23. Kh2 Qf7 24. Rf1 Qe7 25. Be2 Nc8 26. Rce1 Nb6 27. Kg1 Qd7 28. Nc3 Ne7 29. Bd1 Nf5 30. Bf2 Ra8 31. Nxe4 dxe4 32. Rxe4 Nd5 33. Rfe1 Qb5 34. g4 Nh6 35. exf6 1-0

[Event "FICGS class M 000099 email"]
[Site "FICGS email"]
[Date "2022.02.15"]
[Round "1"]
[White "Maceda, Coco"]
[Black "Jabot, Daniel"]
[Result "1/2-1/2"]
[WhiteElo "2230"]
[BlackElo "2213"]
[PlyCount "58"]
[EventDate "2022.??.??"]
[EventType "tourn (corr)"]
[EventRounds "6"]
[SourceTitle "Corr 2024"]
[Source "ChessBase"]
[SourceDate "2023.10.19"]
[SourceVersion "1"]
[SourceVersionDate "2023.10.19"]
[SourceQuality "1"]

1. d4 Nf6 2. c4 g6 3. Nc3 Bg7 4. e4 0-0 5. Nf3 d6 6. Be2 e5 7. 0-0 Nc6 8. d5 Ne7 9. Ne1 Nd7 10. Be3 f5 11. f3 f4 12. Bf2 g5 13. b4 Nf6 14. c5 Ng6 15. c6 b6 16. a4 a6 17. g4 fxg3 18. hxg3 Nh5 19. Kh2 Qf6 20. Ra3 Ne7 21. Rh1 g4 22. Kg1 Qg6 23. fxg4 Nf6 24. g5 Qxg5 25. Ng2 Ng4 26. Be1 Bh6 27. Qc2 Kh8 28. Nd1 Qg7 29. a5 b5 1/2-1/2

[Event "FICGS class M 000098 email"]
[Site "FICGS email"]
[Date "2022.01.27"]
[Round "1"]
[White "Duttagupta, Aniruddha"]
[Black "Jabot, Daniel"]
[Result "1/2-1/2"]
[WhiteElo "2215"]
[BlackElo "2213"]
[PlyCount "40"]
[EventDate "2022.??.??"]
[EventType "tourn (corr)"]
[EventRounds "6"]
[SourceTitle "Corr 2024"]
[Source "ChessBase"]
[SourceDate "2023.10.19"]
[SourceVersion "1"]
[SourceVersionDate "2023.10.19"]
[SourceQuality "1"]

1. e4 c5 2. Nc3 Nc6 3. Nge2 g6 4. d4 cxd4 5. Nxd4 Bg7 6. Be3 Nf6 7. Bc4 0-0 8. Bb3 d6 9. f3 Bd7 10. h4 h5 11. Qd2 Rc8 12. 0-0-0 Ne5 13. Bh6 Nc4 14. Bxc4 Rxc4 15. Bxg7 Kxg7 16. Qe3 Qb6 17. Rd3 Rfc8 18. Rhd1 Qc5 19. Nb3 Qxe3+ 20. Rxe3 Kf8 1/2-1/2

[Event "FICGS class M 000098 email"]
[Site "FICGS email"]
[Date "2022.01.27"]
[Round "1"]
[White "Jabot, Daniel"]
[Black "Cirulis, Ilmars"]
[Result "1/2-1/2"]
[WhiteElo "2213"]
[BlackElo "2261"]
[PlyCount "43"]
[EventDate "2022.??.??"]
[EventType "tourn (corr)"]
[EventRounds "6"]
[SourceTitle "Corr 2024"]
[Source "ChessBase"]
[SourceDate "2023.10.19"]
[SourceVersion "1"]
[SourceVersionDate "2023.10.19"]
[SourceQuality "1"]

1. e4 e5 2. Nf3 Nc6 3. Bb5 Nf6 4. 0-0 d6 5. Re1 Be7 6. c3 0-0 7. h3 a6 8. Ba4 b5 9. Bc2 d5 10. exd5 Qxd5 11. d4 exd4 12. cxd4 Bf5 13. Bb3 Qd7 14. Nc3 Rae8 15. Bg5 h6 16. Bh4 Na5 17. Ne5 Qd8 18. Qf3 Bc8 19. Nd5 Nxb3 20. Nxe7+ Qxe7 21. Qxb3 Qe6 22. Qxe6 1/2-1/2

[Event "FICGS class M 000098 email"]
[Site "FICGS email"]
[Date "2022.01.27"]
[Round "1"]
[White "Schroeder, Christoph"]
[Black "Jabot, Daniel"]
[Result "1/2-1/2"]
[WhiteElo "2228"]
[BlackElo "2213"]
[PlyCount "48"]
[EventDate "2022.??.??"]
[EventType "tourn (corr)"]
[EventRounds "6"]
[SourceTitle "Corr 2024"]
[Source "ChessBase"]
[SourceDate "2023.10.19"]
[SourceVersion "1"]
[SourceVersionDate "2023.10.19"]
[SourceQuality "1"]

1. d4 Nf6 2. c4 d6 3. Nc3 Nbd7 4. e4 e5 5. Nf3 g6 6. Be2 Bg7 7. 0-0 0-0 8. Be3 c6 9. d5 c5 10. Ne1 Kh8 11. Nd3 Ng8 12. Qd2 f5 13. Bg5 Ndf6 14. f4 h6 15. Bxf6 Nxf6 16. Bf3 fxe4 17. Nxe4 Bf5 18. Rae1 Nxe4 19. Bxe4 exf4 20. Nxf4 Qg5 21. g3 Rae8 22. Bxf5 Rxe1 23. Qxe1 Qxf5 24. Qe2 Kg8 1/2-1/2

[Event "FICGS W-ch st1 gN 01 email"]
[Site "FICGS email"]
[Date "2021.07.11"]
[Round "1"]
[White "Cirulis, Ilmars"]
[Black "Jabot, Daniel"]
[Result "1-0"]
[WhiteElo "2235"]
[BlackElo "2225"]
[PlyCount "123"]
[EventDate "2021.??.??"]
[EventType "tourn (corr)"]
[EventRounds "6"]
[SourceTitle "Corr 2024"]
[Source "ChessBase"]
[SourceDate "2023.10.19"]
[SourceVersion "1"]
[SourceVersionDate "2023.10.19"]
[SourceQuality "1"]

1. d4 Nf6 2. c4 g6 3. Nc3 Bg7 4. e4 d6 5. Nf3 0-0 6. Be2 Na6 7. 0-0 e5 8. Be3 c6 9. Re1 h6 10. h3 exd4 11. Bxd4 Re8 12. Qc2 Nc5 13. Bf1 Ne6 14. Be3 g5 15. Rad1 g4 16. Nh2 gxh3 17. f4 Nh5 18. Qf2 Nhxf4 19. Bxf4 Nxf4 20. Qxf4 Qb6+ 21. Qf2 hxg2 22. Bxg2 Be6 23. Re3 Bxc4 24. b3 Be6 25. Ne2 Kh8 26. Kh1 Rad8 27. Nf3 Qc5 28. Nf4 Bg4 29. Rf1 Bxf3 30. Qxf3 d5 31. Nh5 dxe4 32. Qxf7 Re7 33. Qg6 Rd6 34. Qf5 Qxf5 35. Rxf5 Rd4 36. Kh2 Be5+ 37. Kg1 Kh7 38. Rf1 Kh8 39. Kh1 Bd6 40. Nf6 Kg7 41. Nxe4 Bc7 42. Re2 Re5 43. Bf3 Kf8 44. Rff2 Ke7 45. Nc5 b6 46. Ne4 Re6 47. Rg2 Rd1+ 48. Rg1 Rxg1+ 49. Kxg1 Be5 50. Rd2 h5 51. Kf1 h4 52. Kg2 Bf4 53. Rd3 Rg6+ 54. Kh3 Ke6 55. Rc3 c5 56. Rd3 Ke5 57. Rd7 b5 58. Bh5 Rc6 59. Bf7 Kf5 60. Bd5 Rg6 61. Rxa7 c4 62. bxc4 1-0

[Event "FICGS W-ch st1 gN 01 email"]
[Site "FICGS email"]
[Date "2021.07.11"]
[Round "1"]
[White "Duttagupta, Aniruddha"]
[Black "Jabot, Daniel"]
[Result "1/2-1/2"]
[WhiteElo "2211"]
[BlackElo "2225"]
[PlyCount "49"]
[EventDate "2021.??.??"]
[EventType "tourn (corr)"]
[EventRounds "6"]
[SourceTitle "Corr 2024"]
[Source "ChessBase"]
[SourceDate "2023.10.19"]
[SourceVersion "1"]
[SourceVersionDate "2023.10.19"]
[SourceQuality "1"]

1. d4 Nf6 2. Nf3 d5 3. Bf4 c5 4. e3 Nc6 5. Nbd2 Qb6 6. dxc5 Qxb2 7. Rb1 Qc3 8. Bb5 e6 9. 0-0 Be7 10. Nd4 Bd7 11. N2b3 0-0 12. Bd3 Qb4 13. c3 Qa4 14. a3 Nd8 15. Qe2 Rc8 16. Rfc1 b6 17. Bc2 Qc4 18. Bd3 Qa4 19. Nd2 bxc5 20. Bc2 Qxa3 21. N4b3 Qa4 22. Nxc5 Qc6 23. Na6 Ba3 24. Nb8 Rxb8 25. Bxb8 1/2-1/2

[Event "FICGS class M 000095 email"]
[Site "FICGS email"]
[Date "2021.07.07"]
[Round "1"]
[White "Jabot, Daniel"]
[Black "Cirulis, Ilmars"]
[Result "1/2-1/2"]
[WhiteElo "2225"]
[BlackElo "2235"]
[PlyCount "33"]
[EventDate "2021.??.??"]
[EventType "tourn (corr)"]
[EventRounds "6"]
[SourceTitle "Corr 2024"]
[Source "ChessBase"]
[SourceDate "2023.10.19"]
[SourceVersion "1"]
[SourceVersionDate "2023.10.19"]
[SourceQuality "1"]

1. e4 e5 2. Nf3 Nc6 3. Bb5 Nf6 4. 0-0 Nxe4 5. d4 Nd6 6. Bxc6 dxc6 7. dxe5 Nf5 8. Qxd8+ Kxd8 9. Nc3 Be7 10. Bf4 Be6 11. Rad1+ Kc8 12. h3 h5 13. Rfe1 b5 14. Ne4 Bb4 15. c3 Be7 16. Bg5 Bf8 17. Rd8+ 1/2-1/2

[Event "FICGS class M 000095 email"]
[Site "FICGS email"]
[Date "2021.07.07"]
[Round "1"]
[White "Schroeder, Christoph"]
[Black "Jabot, Daniel"]
[Result "1/2-1/2"]
[WhiteElo "2263"]
[BlackElo "2225"]
[PlyCount "86"]
[EventDate "2021.??.??"]
[EventType "tourn (corr)"]
[EventRounds "6"]
[SourceTitle "Corr 2024"]
[Source "ChessBase"]
[SourceDate "2023.10.19"]
[SourceVersion "1"]
[SourceVersionDate "2023.10.19"]
[SourceQuality "1"]

1. d4 Nf6 2. c4 d6 3. Nc3 g6 4. e4 Bg7 5. Nf3 0-0 6. Be2 Na6 7. 0-0 e5 8. Be3 Ng4 9. Bg5 Qe8 10. h3 h6 11. Bh4 Nf6 12. Bxf6 Bxf6 13. c5 exd4 14. Nd5 Qd8 15. Bxa6 bxa6 16. Rc1 dxc5 17. Rxc5 Bb7 18. Nxd4 Qd6 19. Nxf6+ Qxf6 20. e5 Qg5 21. Qg4 Qxg4 22. hxg4 Rad8 23. Nc2 Rd2 24. f3 Rfd8 25. Rf2 Rd1+ 26. Kh2 R8d7 27. Na3 Bd5 28. b3 Be6 29. Rfc2 R1d5 30. Kg3 Rxc5 31. Rxc5 Rd2 32. Rc2 Rd5 33. Nc4 a5 34. a4 Kf8 35. Kf4 Rd3 36. Nxa5 Bxb3 37. Nxb3 Rxb3 38. e6 Rb6 39. Rxc7 Rxe6 40. Rxa7 Re2 41. g5 h5 42. g3 Rb2 43. Ra8+ Kg7 1/2-1/2

[Event "FICGS class M 000092 email"]
[Site "FICGS email"]
[Date "2020.11.21"]
[Round "1"]
[White "Gounant, Stanislas"]
[Black "Jabot, Daniel"]
[Result "1/2-1/2"]
[WhiteElo "2198"]
[BlackElo "2240"]
[PlyCount "46"]
[EventDate "2020.??.??"]
[EventType "tourn (corr)"]
[EventRounds "6"]
[SourceTitle "Corr 2022"]
[Source "ChessBase"]
[SourceDate "2021.10.24"]
[SourceVersion "1"]
[SourceVersionDate "2021.10.24"]
[SourceQuality "1"]

1. b3 e5 2. Bb2 Nc6 3. e3 Nf6 4. Nf3 e4 5. Nd4 Bc5 6. Nf5 0-0 7. c4 d5 8. cxd5 Nb4 9. Ng3 Nfxd5 10. a3 Nd3+ 11. Bxd3 exd3 12. Nc3 Re8 13. Nxd5 Qxd5 14. 0-0 a5 15. Rc1 Be6 16. Nh5 Bf8 17. Rc4 b5 18. Nf4 Qf5 19. Rxc7 Rec8 20. Rc3 Rxc3 21. Bxc3 b4 22. axb4 axb4 23. Bd4 Ra2 1/2-1/2

[Event "FICGS class M 000092 email"]
[Site "FICGS email"]
[Date "2020.11.21"]
[Round "1"]
[White "Kasznia, Ireneusz"]
[Black "Jabot, Daniel"]
[Result "1/2-1/2"]
[WhiteElo "2223"]
[BlackElo "2240"]
[PlyCount "50"]
[EventDate "2020.??.??"]
[EventType "tourn (corr)"]
[EventRounds "6"]
[SourceTitle "Corr 2022"]
[Source "ChessBase"]
[SourceDate "2021.10.24"]
[SourceVersion "1"]
[SourceVersionDate "2021.10.24"]
[SourceQuality "1"]

1. Nf3 Nf6 2. g3 g6 3. Bg2 Bg7 4. 0-0 0-0 5. d3 d5 6. Nbd2 c5 7. e4 Nc6 8. c3 e5 9. exd5 Nxd5 10. Re1 h6 11. Qb3 Nc7 12. Nc4 Re8 13. Nfd2 Re6 14. Ne4 b6 15. a4 Ba6 16. Rd1 Qe7 17. Be3 Kh7 18. a5 Rb8 19. axb6 axb6 20. h4 f5 21. Ned2 Qf8 22. Re1 f4 23. Rxa6 Nxa6 24. Bxf4 b5 25. Nxe5 c4 1/2-1/2

[Event "FICGS W-ch st1 gN 02 email"]
[Site "FICGS email"]
[Date "2020.11.05"]
[Round "1"]
[White "Jabot, Daniel"]
[Black "Helmer, Janos"]
[Result "1/2-1/2"]
[WhiteElo "2240"]
[BlackElo "2223"]
[PlyCount "55"]
[EventDate "2020.??.??"]
[EventType "tourn (corr)"]
[EventRounds "6"]
[SourceTitle "Corr 2022"]
[Source "ChessBase"]
[SourceDate "2021.10.24"]
[SourceVersion "1"]
[SourceVersionDate "2021.10.24"]
[SourceQuality "1"]

1. e4 c5 2. Nf3 d6 3. d4 cxd4 4. Nxd4 Nf6 5. Nc3 a6 6. Bg5 e6 7. f4 Qb6 8. Qd2 Qxb2 9. Rb1 Qa3 10. e5 h6 11. Bh4 dxe5 12. fxe5 Nfd7 13. Ne4 Qxa2 14. Rd1 Qd5 15. Qe3 Qxe5 16. Be2 Bc5 17. Bg3 Bxd4 18. Rxd4 Qa5+ 19. Rd2 0-0 20. Bd6 Nc6 21. 0-0 Nce5 22. Rdd1 Nc6 23. Bxf8 Nxf8 24. Nd6 Qe5 25. Qf2 f6 26. Bf3 a5 27. Rfe1 Qb2 28. Rb1 1/2-1/2

[Event "FICGS W-ch st1 gN 02 email"]
[Site "FICGS email"]
[Date "2020.11.05"]
[Round "1"]
[White "Mirra, Theodore"]
[Black "Jabot, Daniel"]
[Result "1-0"]
[WhiteElo "2164"]
[BlackElo "2240"]
[PlyCount "91"]
[EventDate "2020.??.??"]
[EventType "tourn (corr)"]
[EventRounds "6"]
[SourceTitle "Corr 2022"]
[Source "ChessBase"]
[SourceDate "2021.10.24"]
[SourceVersion "1"]
[SourceVersionDate "2021.10.24"]
[SourceQuality "1"]

1. d4 Nf6 2. c4 a6 3. Nc3 c5 4. dxc5 Qa5 5. a3 Nc6 6. Be3 Ne4 7. Rc1 Nxc3 8. Rxc3 g6 9. b4 Qc7 10. g3 Bg7 11. Rc1 d6 12. Bf4 Bf5 13. cxd6 Qd7 14. Nf3 Bb2 15. Bg2 exd6 16. 0-0 0-0 17. Ra1 Bxa1 18. Qxa1 f6 19. Rd1 Rad8 20. h4 Be4 21. b5 Bxf3 22. Bxf3 Ne5 23. Bd5+ Kg7 24. Rb1 Rb8 25. a4 a5 26. b6 Rbc8 27. Rb5 Nxc4 28. Qd4 Ne5 29. Qd2 Kh8 30. Bh6 Rfe8 31. Rxa5 Nc6 32. Ra7 Re5 33. Be3 Nxa7 34. bxa7 Ra8 35. Bd4 Kg7 36. Qa2 h5 37. Kh2 Re7 38. Qb2 Re5 39. e4 Rxd5 40. exd5 Kg8 41. Be3 Rf8 42. Qb6 g5 43. hxg5 h4 44. gxh4 Qxa4 45. Bd4 fxg5 46. Qxd6 1-0

[Event "FICGS W-ch st1 gN 02 email"]
[Site "FICGS email"]
[Date "2020.11.05"]
[Round "1"]
[White "Sorbi, Luca"]
[Black "Jabot, Daniel"]
[Result "1-0"]
[WhiteElo "2228"]
[BlackElo "2240"]
[PlyCount "67"]
[EventDate "2020.??.??"]
[EventType "tourn (corr)"]
[EventRounds "6"]
[SourceTitle "Corr 2022"]
[Source "ChessBase"]
[SourceDate "2021.10.24"]
[SourceVersion "1"]
[SourceVersionDate "2021.10.24"]
[SourceQuality "1"]

1. e4 c5 2. Nf3 d6 3. d4 cxd4 4. Nxd4 Nf6 5. Nc3 a6 6. Be3 h6 7. Bc4 e6 8. Bb3 Qc7 9. f3 Nbd7 10. a3 b5 11. Qd2 Ne5 12. 0-0-0 Rb8 13. g4 Nfd7 14. Kb1 Nc4 15. Bxc4 Qxc4 16. b3 Qc7 17. h4 Bb7 18. g5 Rc8 19. Na2 hxg5 20. hxg5 Rxh1 21. Rxh1 Ne5 22. Qe2 Nd7 23. Rh7 g6 24. Qd2 Be7 25. Nb4 Qc3 26. Qc1 Qc7 27. Qd1 Nf8 28. Rh2 Qd7 29. Qd3 e5 30. Ne2 d5 31. Nxd5 Bxd5 32. exd5 Qf5 33. Qd2 Bxa3 34. Rf2 1-0